Catálogo - Centro de Recursos para el Aprendizaje y la Investigación
Volver al Sitio - CRAI Biblioteca| 000 -CABECERA | |
|---|---|
| campo de control de longitud fija | 01365nam a2200205 4500 |
| 001 - NÚMERO DE CONTROL | |
| campo de control | 113965 |
| 003 - IDENTIFICADOR DEL NÚMERO DE CONTROL | |
| campo de control | DR-UNIBE |
| 005 - FECHA Y HORA DE LA ÚLTIMA TRANSACCIÓN | |
| campo de control | 20250729084752.0 |
| 008 - DATOS DE LONGITUD FIJA--INFORMACIÓN GENERAL | |
| campo de control de longitud fija | 250728b sp ||||| |||| 00| 0 spa d |
| 040 ## - FUENTE DE LA CATALOGACIÓN | |
| Centro catalogador/agencia de origen | BIBLIOTECA UNIBE |
| Lengua de catalogación | spa |
| Centro/agencia transcriptor | BIBLIOTECA UNIBE |
| Normas de descripción | rda |
| 041 ## - CÓDIGO DE LENGUA | |
| Código de lengua del texto/banda sonora o título independiente | spa |
| 082 ## - NÚMERO DE LA CLASIFICACIÓN DECIMAL DEWEY | |
| Número de edición | 22 |
| Número de clasificación | 342.46 E76c |
| 110 10 - ENTRADA PRINCIPAL--NOMBRE DE ENTIDAD CORPORATIVA | |
| Nombre de entidad corporativa o nombre de jurisdicción como elemento de entrada | España. Constitución |
| Término indicativo de función/relación | autor |
| 9 (RLIN) | 100326 |
| 245 10 - MENCIÓN DE TÍTULO | |
| Título | Constitución española : |
| Resto del título | aprobada por las Cortes el 31 de octubre de 1978. Ratificada por el pueblo españl en referendum de 6 de diciembre de 1978. Sancionada por S.M. el Rey ante las Cortes el 27 de diciembre de 1978 y publicada en el Boletín Oficial del Estado el 29 de diciembre de 1978 |
| 260 ## - PUBLICACIÓN, DISTRIBUCIÓN, ETC. | |
| Lugar de publicación, distribución, etc. | Madrid : |
| Nombre del editor, distribuidor, etc. | Editorial Goñi, |
| Fecha de publicación, distribución, etc. | [Fecha no identificada] |
| 300 ## - DESCRIPCIÓN FÍSICA | |
| Extensión | 88 páginas : |
| Dimensiones | 14 x 10 cm |
| 505 ## - NOTA DE CONTENIDO CON FORMATO | |
| Nota de contenido con formato | Preámbulo |<br/>Título preliminar |<br/>Título primero. De los derechos y deberes fundamentales |<br/>Título II. De la corona |<br/>Título III. De las cortes generales |<br/>Título IV. Del gobierno y de la administración |<br/>Título V. De kas relaciones entre el Gobierno y las Cortes geberales<br/>Título VI. Del poder judicial |<br/>Título VII. Economía y hacienda |<br/>Título VIII. De la organización territorial del Estado |<br/>Título IX. Del tribunal constitucional |<br/>Título X. De la reforma constitucional |
| 651 #7 - PUNTO DE ACCESO ADICIONAL DE MATERIA--NOMBRE GEOGRÁFICO | |
| Nombre geográfico | España |
| Subdivisión general | Constitución (1978) |
| 9 (RLIN) | 197775 |
| 942 ## - ELEMENTOS DE PUNTO DE ACCESO ADICIONAL (KOHA) | |
| Fuente del sistema de clasificación o colocación | Sistema de Clasificación Decimal Dewey |
| Tipo de ítem Koha | Libro (general) |
| Estado de retiro | Estado de pérdida | Fuente del sistema de clasificación o colocación | No para préstamo | Código de colección | Localización permanente | Fecha de adquisición | Total de préstamos | Signatura topográfica completa | Código de barras | Fecha visto por última vez | Número de copia | Precio válido a partir de | Tipo de ítem Koha |
|---|---|---|---|---|---|---|---|---|---|---|---|---|---|
| Disponible | Sistema de Clasificación Decimal Dewey | General | Biblioteca Central UNIBE | 10/06/2025 | 342.46 E76c | 250931 | 28/07/2025 | Ej. 1 | 28/07/2025 | Libro (general) |